| 000 | 01073nam a22002297a 4500 | ||
|---|---|---|---|
| 999 |
_c8794 _d8794 |
||
| 003 | AR-CdUCM | ||
| 008 | 190326b ||||| |||| 00| 0 spa d | ||
| 040 |
_aMUNICIPALIDAD PROVINCIAL DEL CUSCO _cBIBLIOTECA MUNICIPAL DEL CUSCO |
||
| 082 |
_a306.44 / _bV19 |
||
| 100 |
_aValdivia Rivera, Gustavo _912923 |
||
| 245 | _aDialéctica del comportamiento en el área rural andina / | ||
| 260 |
_aCusco : _bUniversidad Nacional de San Antonio Abad del Cusco, _c1994. |
||
| 300 |
_a242 páginas ; _c20 cm. |
||
| 505 | _aContenido : Personalidad y sociedad -- El medio social andino :estructura socio-economica en el área rural andina -- El medio social andino : integración cultural en el área rural andina -- El medio social andino : reaidad lingüistica en el área rural andina -- Estereotipos psicosociales, actitudes e intereses de la persona rural andina ... | ||
| 650 |
_aSociolinguística _910901 |
||
| 650 |
_aSociología rural _91129 |
||
| 650 |
_aPsicolingüística _914702 |
||
| 650 |
_aAndes _9319 |
||
| 650 |
_aPerú _935 |
||
| 942 |
_2ddc _cLIBROS |
||
| 945 | _azta | ||